000
00263nam a2200109 a 4500
005
20200929163250.0
008
091125s2008 000 spa d
020
_a
9789945112085
245
0
_a
Guía cívica 1.
260
_a
Santo Domingo,
_c
2008.
999
_c
13165
_d
13165
040
_a
DO-SdBNP